ბათუმის შოთა რუსთაველის სახელმწიფო უნივერსიტეტის ბიბლიოთეკა

ქართული საკითხი თავისუფალი სამყაროს წინაშე : (ბიბ.ჩანაწერი № 63658)

000 -ლიდერი
ფიქსირებული სიგრძის საკონტროლო ველი 02414nam a22002537a 4500
003 - საკონტროლო ნომრის იდენტიფიკატორი
საკონტროლო ველი Ge_BSU
005 - ბოლო ოპერაციის თარიღი და დრო
საკონტროლო ველი 20251202195700.0
008 - ფიქსირებული სიგრძის მონაცემთა ელემენტები - ზოგადი ინფორმაცია
ფიქსირებული სიგრძის საკონტროლო ველი 251202s2019 ge ||||| |||| 00| 0 geo d
041 ## - ენის კოდი
Language code of text/sound track or separate title geo
080 ## - უნივერსალური ათობითი კლასიფიკაციის ინდექსი
Universal Decimal Classification number 94(479.22)"1918.05"(093) კ-22
100 ## - მთავარი ჩანაწერი - პიროვნების სახელი
Personal name კანდელაკი, კონსტანტინე
9 (RLIN) 26323
245 ## - ცნობა სათაურის შესახებ
Title ქართული საკითხი თავისუფალი სამყაროს წინაშე :
Remainder of title (დადგენილებები - დოკუმენტები - სამხილები) /
Statement of responsibility, etc კონსტანტინე კანდელაკი; ქართულად ნათარგმნი ლადო მირიანაშვილი; წინასიტყვაობა ქრისტინე ფაღავა ბულეზი; წინასიტყვაობა ფრანგულიდან თარგმნა თინათინ მილორავამ.
264 ## - წარმოების, გამოცემის, დისტრიბუციის და სხვა ცნობები
გამოცემის, წარმოების, დისტრიბუციის... ადგილი თბილისი :
გამოცემის, წარმოების, დისტრიბუციის... სახელწოდება ნოე ჟორდანიას ინსტიტუტი,
გამოცემის, წარმოების, დისტრიბუციის... თარიღი 2019.
300 ## - ფიზიკური აღწერა
Extent 328 გვ. ;
Other physical details 21 სმ.
500 ## - ზოგადი შენიშვნა
General note თარგმნილია 1953 წლის ინგლისური გამოცემიდან
501 ## - შენიშვნა თანმხლებ მასალაზე
With note გამოცემულია ნოე ჟორდანიას ინ-ტის ინიციატივითა და საქ. პრეზიდენტის ფონდის ფინანსური მხარდაჭერით.
პირთა საძიებელი: გვ. 321-323.
504 ## - BIBLIOGRAPHY, ETC. NOTE
Bibliography, etc ბიბლიოგრაფია ტექსტის შენიშვნებში.
653 ## - INDEX TERM--UNCONTROLLED
Uncontrolled term 1918-1921 წლები -- საქართველოს დემოკრატიული რესპუბლიკა.
653 ## - INDEX TERM--UNCONTROLLED
Uncontrolled term საქართველოს ოკუპაცია რუსეთის მიერ
700 ## - ADDED ENTRY--PERSONAL NAME
Personal name მირიანაშვილი, ლადო
Relator term მთარგმნელი
9 (RLIN) 26324
700 ## - ADDED ENTRY--PERSONAL NAME
Personal name ფაღავა ბულეზი, ქრისტინე
Relator term წინასიტყვაობის ავტორი
9 (RLIN) 10276
700 ## - ADDED ENTRY--PERSONAL NAME
Personal name მილორავა, თინათინ
Relator term წინასიტყვაობის მთარგმნელი.
9 (RLIN) 26325
942 ## - ADDED ENTRY ELEMENTS (KOHA)
Source of classification or shelving scheme
Koha item type წიგნი
ეგზემპლარები
ჩამოწერის სტატუსი დაკარგული ეგზემპლარის სტატუსი კლასიფიკაციის წყარო ან თაროზე გაწყობის სქემა დაზიანების სტატუსი არ გაიცემა მუდმივი მდებარეობა (დაცვის ადგილი) ამჟამინდელი ადგილსამყოფელი თაროზე განთავსების ადგილი შეძენის თარიღი ღირებულება, შესყიდვის ნორმალური ფასი სრული შენახვის შიფრი შტრიხკოდი ბოლო ოპერაციის თარიღი ეგზემპლარის მიმდევრობითი ნომერი (კეტერი?) Uniform Resource Identifier ფასის ძალაში შესვლის თარიღი ეგზემპლარის სახეობა საჯარო შენიშვნა
          ბათუმის შოთა რუსთაველის სახელმწიფო უნივერსიტეტის მთავარი ბიბლიოთეკა ბათუმის შოთა რუსთაველის სახელმწიფო უნივერსიტეტის მთავარი ბიბლიოთეკა წიგნსაცავი 2025-12-02 12.00 94(479.22) 73206 2025-12-02 73206 საჩუქარი საქართველოს ეროვნული ბიბლიოთეკისაგან 2025-12-02 წიგნი 12 ლ.